000 00205 a2200097 4500
001 16164
100 _aWaddy, Charis
245 _aWoman in Muslim History
260 _a
_bLongman
_c
090 _c12450
_d12450
942 _aNUST-CAE
_cM
_c2726
999 _c251237
_d251237